| 000 -CABECERA |
| Longitud fija campo de control |
00601nam a2200193 a 4500 |
| 001 - NÚMERO DE CONTROL |
| Número de control |
3007 |
| 003 - IDENTIFICADOR DEL NÚMERO DE CONTROL |
| Identificador del número de control |
CDMR |
| 005 - FECHA Y HORA DE LA ÚLTIMA TRANSACCIÓN |
| Fecha y hora de la última transacción |
20131018172210.0 |
| 008 - CÓDIGOS DE INFORMACIÓN DE LONGITUD FIJA |
| Códigos de información de longitud fija |
130130s1977||||||||||||||||||||||||||||d |
| 040 ## - FUENTE DE LA CATALOGACIÓN |
| Centro catalogador de origen |
CDMR |
| Lengua de catalogación |
cat |
| Centro transcriptor |
CDMR |
| 100 1# - PUNTO DE ACCESO PRINCIPAL-NOMBRE DE PERSONA |
| Nombre de persona |
Rucker, Frank Warren |
| 9 (RLIN) |
2209 |
| 245 10 - MENCIÓN DE TÍTULO |
| Título |
Organización y administración de periódicos |
| Mención de responsabilidad, etc. |
Frank W. Rucker, Herbert Lee Williams |
| 260 ## - PUBLICACIÓN, DISTRIBUCIÓN, ETC. (PIE DE IMPRENTA) |
| Lugar de publicación, distribución, etc. |
Buenos Aires |
| Fecha de publicación, distribución, etc. |
1977 |
| Nombre del editor, distribuidor, etc. |
Marymar |
| 300 ## - DESCRIPCIÓN FÍSICA |
| Extensión |
568 p. |
| Dimensiones |
23 cm |
| 490 0# - MENCIÓN DE SERIE |
| Mención de serie |
Periodismo (Marymar) |
| 650 04 - PUNTO DE ACCESO ADICIONAL DE MATERIA - TÉRMINO DE MATERIA |
| 9 (RLIN) |
3665 |
| Término de materia o nombre geográfico como elemento inicial |
Empreses periodístiques |
| Subdivisión de materia general |
Direcció i administració |
| 700 1# - PUNTO DE ACCESO ADICIONAL - NOMBRE DE PERSONA |
| 9 (RLIN) |
4144 |
| Nombre de persona |
Williams, Herbert Lee |
| 942 ## - ENTRADA DE ELEMENTOS AGREGADOS (KOHA) |
| Koha [por defecto] tipo de item |
Monografies |
| Fuente de clasificaión o esquema |
|